000 003410000a22001450004500
003 MACL
040 _aMACL
090 _c8978
_d8977
100 _aGopal, S.
245 _aSelected wosrks of Jawaharlal Nehru
_bSecond Series 12
260 _bOxford University Press
_c1991
350 _a200
650 _aGenral Collection
942 _cBOOK
_k080
999 _c8923
_d8923